书目信息 |
| 题名: |
资源型城市转型学
|
|
| 作者: | 齐建珍 著 | |
| 分册: | ||
| 出版信息: | 北京 人民出版社 2004 |
|
| 页数: | 22,318页 | |
| 开本: | 21cm | |
| 丛书名: | ||
| 单 册: | ||
| 中图分类: | F290 | |
| 科图分类: | ||
| 主题词: | 城市经济--经济发展--研究 | |
| 电子资源: | ||
| ISBN: | 7-01-004258-6 | |
| 000 | 00892nam0 2200229 45 | |
| 001 | 002640139 | |
| 005 | 20050322162456.9 | |
| 010 | @a7-01-004258-6@dCNY20.00 | |
| 100 | @a20040511d2004 kemy0chiy0110 ea | |
| 101 | 0 | @achi@eeng |
| 102 | @aCN@b110000 | |
| 105 | @ay z 000yy | |
| 200 | 1 | @a资源型城市转型学@Azi yuan xing cheng shi zhuan xing xue@dThe Study on the Restructure of Mono-economic City@f齐建珍等著@FQi Jian Zhen Deng Zhu |
| 210 | @a北京@c人民出版社@d2004 | |
| 215 | @a22,318页@d21cm | |
| 300 | @a国家社会科学基金项目 | |
| 330 | @a本书回答了资源型城市为什么要转型和怎样转型等一系列问题,阐明了资源型城市转型的必然性、战略目标及其战略重点,论述了资源型城市转型过程中所遇到的接续产业如何优化升级、转型最佳期如何选择等难题。 | |
| 606 | 0 | @a城市经济@x经济发展@x研究 |
| 690 | @aF290@v4 | |
| 701 | 0 | @a齐建珍@4著 |
| 801 | 0 | @aCN@bNLC@c20040601 |
| 905 | @f2@b345720-721@dF290@e183 | |
| 资源型城市转型学=The Study on the Restructure of Mono-economic City/齐建珍等著.-北京:人民出版社,2004 |
| 22,318页;21cm |
| 国家社会科学基金项目 |
| ISBN 7-01-004258-6:CNY20.00 |
| 本书回答了资源型城市为什么要转型和怎样转型等一系列问题,阐明了资源型城市转型的必然性、战略目标及其战略重点,论述了资源型城市转型过程中所遇到的接续产业如何优化升级、转型最佳期如何选择等难题。 |
| ● |
| 相关链接 |
|
|
|
|
正题名:资源型城市转型学
索取号:F290/183
 
预约/预借
| 序号 | 登录号 | 条形码 | 馆藏地/架位号 | 状态 | 备注 |
| 1 | 0345720 | 203457204 | 第一样本阅览室/ [索取号:F290/183] | 在馆 | |
| 2 | 0345721 | 203457213 | 第一借阅区/ [索取号:F290/183] | 在馆 |